NOVUM JESU CHRISTI TESTAMENTUM

-д хадгалсан:
Номзүйн дэлгэрэнгүй
Байгууллагын зохиогч: Varios
Формат: Ном
Шошгууд: Шошго нэмэх
Шошго байхгүй, Энэхүү баримтыг шошголох эхний хүн болох!

MARC

LEADER 00000nam^a2200000^a^4500
001 000213054
005 20250521000000.0
009 20260310103513.509
035 |a 002067 
037 |a Acervo Xavier Clavigero 
082 |a 211. 7 VAR 
110 |a Varios 
245 1 0 |a NOVUM JESU CHRISTI TESTAMENTUM 
264 |a RATISBONAE :  |b VULGATAE,  |c 1913 
300 |a 536p. 
336 |a texto  |b txt  |2 rdacontenido 
337 |a sin mediación  |b n  |2 rdamedio 
338 |a volumen  |b nc  |2 rdasoporte 
649 |a XX 
910 |a Fondo General 
920 |a Impresos - Libros 
930 |a Colección General 
905 |a 101 
901 |a 002067  |b IT1  |c ACC  |i 002067  |u 20250521 
902 |a https://opac.biblio.iteso.mx/vufind/Record/000213054